Biblioteca y Centro de Documentación

La difusa e incompleta configuración subjetiva del RETA en la LGSS 2015 (Registro nro. 48058)

Detalles MARC
000 -CABECERA
Longitud fija campo de control 01087naa a2200241 c 4500
001 - NÚMERO DE CONTROL
Número de control 48058
003 - IDENTIFICADOR DE NÚMERO DE CONTROL
Identificador del número de control ES-MaCES
005 - FECHA Y HORA DE LA ÚLTIMA TRANSACCIÓN
Fecha y hora de la última transacción 20220719115606.0
008 - CAMPO FIJO DE DESCRIPCIÓN FIJA--INFORMACIÓN GENERAL
Códigos de información de longitud fija   160902s2016 sp ||||| t||||||| ||spa d
040 ## - FUENTE DE CATALOGACIÓN
Centro catalogador de origen ES-MaCES
Lengua de catalogación spa
Centro transcriptor ES-MaCES
Centro modificado ES-MaCES
100 1# - ENCABEZAMIENTO PRINCIPAL--NOMBRE PERSONAL
9 (RLIN) 16828
Nombre de persona López Aniorte, María del Carmen
245 13 - MENCIÓN DE TÍTULO
Título La difusa e incompleta configuración subjetiva del RETA en la LGSS 2015
Mención de responsabilidad, etc. María del Carmen López Aniorte
610 17 - ASIENTO SECUNDARIO DE MATERIA--NOMBRE CORPORATIVO
Nombre de entidad corporativa o nombre de jurisdicción como elemento inicial España
Título de la obra Ley general de la Seguridad Social, 2015. Texto refundido
Fuente de encabezamiento o término
9 (RLIN) 36412
650 #4 - ASIENTO SECUNDARIO DE MATERIA--TÉRMINO DE MATERIA
9 (RLIN) 30170
Término de materia o nombre geográfico como elemento inicial trabajo a cuenta propia
650 #4 - ASIENTO SECUNDARIO DE MATERIA--TÉRMINO DE MATERIA
9 (RLIN) 28412
Término de materia o nombre geográfico como elemento inicial trabajador independiente
650 #4 - ASIENTO SECUNDARIO DE MATERIA--TÉRMINO DE MATERIA
9 (RLIN) 30800
Término de materia o nombre geográfico como elemento inicial régimen especial de trabajadores autónomos
650 #4 - ASIENTO SECUNDARIO DE MATERIA--TÉRMINO DE MATERIA
9 (RLIN) 29855
Término de materia o nombre geográfico como elemento inicial legislación de seguridad social
650 #4 - ASIENTO SECUNDARIO DE MATERIA--TÉRMINO DE MATERIA
9 (RLIN) 30106
Término de materia o nombre geográfico como elemento inicial cotizaciones
653 10 - TÉRMINO DE INDEXACIÓN--NO CONTROLADO
Término no controlado Derecho del trabajo y Seguridad Social
773 0# - ENTRADA DE DOCUMENTO FUENTE
Itemnumber del ítem fuente 84722
Lugar, editor y fecha de publicación Albacete (Concepción, 12, 2º izda., 02002) Bomarzo 1998-
Otro identificador del documento 087620
Título Revista de derecho social
Número de control del registro relacionado (ES-MaCES)25695
Parte(s) relacionada(s) n. 73 (en.-marzo 2016) {10693 R. 087620} ;p. 45-68
902 ## - CES. TIPO DE DOCUMENTO
Tipodoc (006$c Sirtex) ART Artículo de revista
942 ## - ELEMENTOS KOHA
Fuente de clasificaión o esquema Clasificación propia del CES
Koha [por defecto] tipo de item Artículos (1982-2017)
Parte de clasificación Derecho del Trabajo y Seguridad Social

No hay ítems disponibles.

© CES, Consejo Económico y Social de España 2021